Những nét tương đồng và khác biệt giữa tiểu thuyết giấc mộng con của Tản Đà và tiểu thuyết tố Tố Tâm của Hoàng Ngọc Phách /

Spremljeno u:
Bibliografski detalji
Glavni autor: Nguyễn Văn Minh.
Format: Članak
Jezik:Vietnamese
Oznake: Dodaj oznaku
Bez oznaka, Budi prvi tko označuje ovaj zapis!
Thư viện lưu trữ: Thư viện Trường Đại học Đà Lạt
LEADER 00831nam a2200229 4500
001 DLU120137497
005 ##20120719
040 # # |a DLU  |b vie 
041 # # |a vie 
044 # # |a vn 
100 # # |a Nguyễn Văn Minh. 
245 # # |a Những nét tương đồng và khác biệt giữa tiểu thuyết giấc mộng con của Tản Đà và tiểu thuyết tố Tố Tâm của Hoàng Ngọc Phách /  |c Nguyễn Văn Minh. 
773 # # |t Thông báo khoa học dành cho học viên sau Đại học Trường Đại học Đà Lạt  |g 2007, tr.69-76 
920 # # |a Phòng Tạp chí -- Trung tâm Thông tin - Thư viện Trường Đại học Đà Lạt 
994 # # |a DLU 
900 # # |a True 
911 # # |a Nguyễn Thị Thu Phương 
925 # # |a G 
926 # # |a A 
927 # # |a BB 
980 # # |a Thư viện Trường Đại học Đà Lạt